Sports Quiz

Random Sports or Football Quiz

NFL Starting QBs (Los Angeles Chargers) Quiz Stats

 Plays Quiz Updated Apr 21, 2018

Challenge
Share
Tweet
Embed
Score 0/7 Timer 04:00
3 Plays Today
Starts Player % Correct
192Philip Rivers
99%
58Drew Brees
83.7%
9Ryan Leaf
50.6%
22Doug Flutie
42.9%
17Jim Harbaugh
16.4%
2Moses Moreno
8.3%
4Erik Kramer
5.8%

You're not logged in!

Compare scores with friends on all Sporcle quizzes.
Join for Free
OR
Log In

You Might Also Like...

Show Comments

Extras

Top Quizzes Today


Score Distribution

Your Account Isn't Verified!

In order to create a playlist on Sporcle, you need to verify the email address you used during registration. Go to your Sporcle Settings to finish the process.

Report this User

Report this user for behavior that violates our Community Guidelines.

Details: